000 01211nam0a2200289 4500
001 RU\NLR\bibl\219596
005 20250619103737.0
021 _aRU
_b2002-7209
_9352
035 _a(NLR Aleph) 000215671
090 _a1252693
_c1252693
100 _a20020116d2001 |||y0rusy50 ca
101 0 _arus
102 _aRU
105 _aa |||||||||
200 1 _aЭкономические основы оценки сельскохозяйственных угодий
_fТ.Е. Гершенгорен
_gМ-во сел. хоз-ва Рос. Федерации. Департамент кадровой политики и образования. Примор. гос. с.-х. акад.
210 _aУссурийск
_cПГСХА
_d2001
215 _a131 с.
_cил.
_d21
320 _aБиблиогр.: 129-131 (52 назв.)
606 0 _aЗемельные ресурсы
_xОценка
_yРоссийская Федерация
_92220625
_3RU\NLR\auth\661333450
686 _aУ32(2)-51(2Р)
700 1 _aГершенгорен
_bТ. Е.
_gТамара Ефимовна
_4070
801 0 _aRU
_bNLR
_c20020116
_gPSBO
801 1 _aRU
_bNLR
_c20020116
942 _cBOOK
980 _aNB
980 _aNBR